00318 a2200133 450000100060000002000150000604000260002110000330004724000310008024500260011130000070013736200090014465000310015349412 a8598553115 cAnchieta - Bela Vista aCedraz, Antônio Luiz Ramos10aA caixa de pai Dorálpor10aA caixa de pai Dorá a270 a2006 4aLiteratura infanto-juvenil